Mes del Rosario, ó, Mes de octubre / compuesto por el M. R. P. Fr. José María Moran, lector de Sagrada teología en el Colegio de Dominicos Misioneros de Filipinas, establecido en Ocaña

Detalles Bibliográficos
Autor principal: Morán, José María, m. 1884
Formato: Libro
Lenguaje:Undetermined
Spanish
Publicado: Barcelona : 1920
Edición:10ª edición
Materias:
Colección:Banco de datos
Acervo:Monasterio de Santa Catalina de Siena de la Orden de Santo Domingo de Puebla. Puebla
Descripción Física:507 p., [2] h. : il. ; 8º
Tema general:Ascética
Notas:Incluye ilustraciones en grabado litográfico
LEADER 00915nam a2200193Ia 4500
008 150723s9999 xx 000 0 und d
041 0 |a spa 
100 1 |a Morán, José María, m. 1884  
245 1 0 |a Mes del Rosario, ó, Mes de octubre / compuesto por el M. R. P. Fr. José María Moran, lector de Sagrada teología en el Colegio de Dominicos Misioneros de Filipinas, establecido en Ocaña  
250 |a 10ª edición  
260 |a Barcelona :   |b Sucesores de Blas Camí libreros editores,   |c 1920 
300 |a 507 p., [2] h.   |b  : il.  |c  ; 8º 
500 |a Incluye ilustraciones en grabado litográfico  
650 1 0 |a Ascética 
740 0 |a Mes de octubre 
949 |a Monasterio de Santa Catalina de Siena y Santa Ana del Convento de Dominicas del Estado de Puebla: 589, 590 
942 |c DOMPUE 
943 |g Monasterio de Santa Catalina de Siena de la Orden de Santo Domingo de Puebla. Puebla 
999 |c 1105254  |d 1105254